Prophecies and prospects (Record no. 113129)

MARC details
000 -LEADER
fixed length control field 00536cam a22001815a 4500
001 - CONTROL NUMBER
control field L154752
008 - FIXED-LENGTH DATA ELEMENTS--GENERAL INFORMATION
fixed length control field 120117s1969 xxk f 000 0 eng d
035 ## - SYSTEM CONTROL NUMBER
System control number (Sirsi) u154752
041 0# - LANGUAGE CODE
Language code of text/sound track or separate title eng
100 1# - MAIN ENTRY--PERSONAL NAME
Personal name Steel, Robert
245 00 - TITLE STATEMENT
Title Prophecies and prospects
Remainder of title the changing horizons of the surveyor
260 ## - PUBLICATION, DISTRIBUTION, ETC.
Place of publication, distribution, etc. London
Name of publisher, distributor, etc. RICS
Date of publication, distribution, etc. 1969
300 ## - PHYSICAL DESCRIPTION
Extent 8p.
Dimensions 30cm.
520 ## - SUMMARY, ETC.
Summary, etc. A paper presented at The Chartered Surveyors Annual Conference, July 1969.
651 #4 - SUBJECT ADDED ENTRY--GEOGRAPHIC NAME
Geographic name United Kingdom
Chronological subdivision
690 ## - LOCAL SUBJECT ADDED ENTRY--TOPICAL TERM (OCLC, RLIN)
Topical term or geographic name as entry element Business and management
942 ## - ADDED ENTRY ELEMENTS (KOHA)
Suppress in OPAC 0
Holdings
Withdrawn status Lost status Source of classification or shelving scheme Damaged status Not for loan Home library Current library Shelving location Date acquired Total Checkouts Full call number Barcode Date last seen Copy number Price effective from Koha item type
    Dewey Decimal Classification     Historic collection Historic collection RICS Boxes 17/01/2012   RICS 1969/50 30077127 06/08/2019 1 06/08/2019 Archive